| 000 | 00659nam a2200181Ia 4500 | ||
|---|---|---|---|
| 008 | 090124s9999 xx 000 0 und d | ||
| 082 | _b38974 | ||
| 100 | _aतोरडमल मधुकर | ||
| 245 | _a तरुण तर्क म्हातारे अर्क | ||
| 250 | _a5 | ||
| 260 |
_bमॅजेस्टिक प्रकाशन _c2002 |
||
| 300 | _a107 | ||
| 600 | _aतोरडमल मधुकर | ||
| 630 | _a तरुण तर्क म्हातारे अर्क | ||
| 700 | _aतोरडमल मधुकर | ||
| 730 | _a तरुण तर्क म्हातारे अर्क | ||
| 942 | _cBOOK | ||
| 999 |
_c104971 _d104971 |
||